|
|
|
|
| LEADER |
00000cam a22000004a 4500 |
| 001 |
musev2_20909 |
| 003 |
MdBmJHUP |
| 005 |
20230905042231.0 |
| 006 |
m o d |
| 007 |
cr||||||||nn|n |
| 008 |
940209s1994 dcu o 00 0 eng d |
| 010 |
|
|
|z 94007480
|
| 020 |
|
|
|a 9780813211916
|
| 020 |
|
|
|z 9780813214214
|
| 020 |
|
|
|z 9780813200910
|
| 035 |
|
|
|a (OCoLC)606368705
|
| 040 |
|
|
|a MdBmJHUP
|c MdBmJHUP
|
| 050 |
0 |
4 |
|a BR60.F3
|b E64213 1994
|a BR632.E5
|
| 082 |
0 |
|
|a 270 s
|a 270.2
|2 20
|
| 100 |
0 |
|
|a Ephraem,
|c Syrus, Saint,
|d 303-373.
|
| 240 |
1 |
0 |
|a Selections.
|l English.
|f 1994.
|
| 245 |
1 |
0 |
|a Selected Prose Works :
|b Commentary on Genesis, Commentary on Exodus, Homily on Our Lord, Letter to Publius /
|c St. Ephrem the Syrian ; translated by Edward G. Mathews, Jr. and Joseph P. Amar ; edited by Kathleen McVey.
|
| 264 |
|
1 |
|a Washington, D.C. :
|b Catholic University of America Press,
|c 1994
|
| 264 |
|
3 |
|a Baltimore, Md. :
|b Project MUSE,
|c 2013
|
| 264 |
|
4 |
|c ©1994
|
| 300 |
|
|
|a 1 online resource (423 pages).
|
| 336 |
|
|
|a text
|b txt
|2 rdacontent
|
| 337 |
|
|
|a computer
|b c
|2 rdamedia
|
| 338 |
|
|
|a online resource
|b cr
|2 rdacarrier
|
| 490 |
0 |
|
|a The Fathers of the church ;
|v v. 91.
|
| 504 |
|
|
|a Includes bibliographical references (p. xv-xxx) and indexes.
|
| 505 |
0 |
|
|a Commentary on Genesis -- Commentary on Exodus -- Homily on our Lord -- Letter to Publius.
|
| 588 |
|
|
|a Description based on print version record.
|
| 630 |
0 |
0 |
|a Bible.
|p O.T.
|p Exodus
|x Commentaries
|x Early works to 1800.
|
| 630 |
0 |
0 |
|a Bible.
|p O.T.
|p Genesis
|x Commentaries
|x Early works to 1800.
|
| 600 |
0 |
0 |
|a Jesus Christ
|x Sermons
|x Early works to 1800.
|
| 650 |
|
0 |
|a Spiritual life
|x Christianity
|x Early works to 1800.
|
| 655 |
|
7 |
|a Electronic books.
|2 local
|
| 700 |
1 |
|
|a McVey, Kathleen E.,
|d 1944-
|
| 700 |
1 |
|
|a Amar, Joseph P.,
|d 1946-
|
| 700 |
1 |
|
|a Mathews, Edward G.,
|d 1954-
|
| 710 |
2 |
|
|a Project Muse.
|
| 710 |
2 |
|
|a Project Muse.
|e distributor
|
| 830 |
|
0 |
|a Fathers of the church ;
|v v. 91.
|
| 830 |
|
0 |
|a Book collections on Project MUSE.
|
| 856 |
4 |
0 |
|z Texto completo
|u https://projectmuse.uam.elogim.com/book/20909/
|
| 945 |
|
|
|a Project MUSE - Custom Collection
|
| 945 |
|
|
|a Project MUSE - Archive Complete Supplement
|
| 945 |
|
|
|a Project MUSE - Archive Philosophy and Religion Supplement
|